000 00667nam a2200241Ia 4500
003 OSt
005 20221007103719.0
006 a|||||r|||| 00| 0
007 ta
008 221006b |||||||| |||| 00| 0 eng d
024 _a13,822
037 _cTextual
040 _aLCO
_cLCO
_beng
041 _2eng
_aeng
082 _aZ251,21,3qN58:g, L4
100 _aGupta M.L.
_9520949
245 0 _aCommentaries on Delhi Rent Control Act,1958
260 _aDelhi
_bBahri Brothers India
_c1974
300 _a124
650 _aDELHI RENT CONTROL ACT
_9685929
942 _hZ251,21,3qN58:g, L4
_cTEXL
999 _c1183385
_d1183385